000 01248nam a22002417a 4500
005 20240530110453.0
008 150526s2010 ua a g 000 0 ara d
017 _a2010/19015
_bمصر . دار الكتب المصرية
020 _a9789773832214
040 _aEG-CaGPL
082 0 4 _221
_a494.35\
_bس ت
100 0 _aسونيا محمدسعيد البنا .
245 1 0 _aتعليم اللغة التركية :
_bاحدث اسلوب لتعلم اللغة التركية و شرح مفصل للقواعد و مختلف التعبيرات و المحادثات اليومية و الامثال الشعبية و مصطلحات تعلم - اسمع - اقرا - تحدث /
_cاعداد و ترجمة و تاليف سونيا محمد سعيد البنا .
250 _aط1.
260 _aالقاهرة :
_bايتراك للطباعة والنشر والتوزيع ،
_c2010.
300 _a476 ص :
_bايض ؛
_c28 سم +
_eقرص مليزر .
504 _aيشتمل على ارجاعات ببليوجرافية
650 0 4 _aاللغة التركية .
650 0 4 _aاللغة التركية
_xمصطلحات .
650 0 4 _aاللغة التركية
_xتعليم
942 _2ddc
_cBK
999 _c61309
_d61309